000 00746nam a22002417a 4500
005 20170124110121.0
010 _aA-411044
020 _a8171240412
_c00.00
035 _aA-411044
037 _bCen Lib/Ret
040 _aDPL
_bEN
082 _a954.09
_bTRI
100 _aTripathi, Kamla Pati
_993205
245 _aFreedom movement and afterwards /
_cby Kamla Pati Tripathi ; translated by Prabhat Kumar pandeya
260 _aVaranasi
_bVishwavidyalaya Prakashan
_c1989
270 _bVaranasi
300 _aiii,224p. :
_c21cm(Hb)
_bill.
500 _aIncludes index
650 _aPolitical science
_993206
650 _aNationalists
_99248
700 _aPandeya, Prabhat Kumar
_993207
942 _2ddc
_cEN
_h954.09
_mTRI
999 _c131049
_d131049